| 000 | 00365nam a22001577a 4500 | ||
|---|---|---|---|
| 003 | CEME | ||
| 005 | 20210628202320.0 | ||
| 008 | 210106b xxu||||| |||| 00| 0 eng d | ||
| 020 | _a978-0133499261 | ||
| 040 | _c. | ||
| 082 | _a629.836 KHA | ||
| 100 |
_aHassah K. Khalil _959309 |
||
| 245 | _aNonlinear control | ||
| 260 | _bPEARSON EDUCATION | ||
| 942 |
_cBK _2ddc |
||
| 999 |
_c569322 _d569322 |
||